| 000 | 00822nam a22001937a 4500 | ||
|---|---|---|---|
| 003 | CEME | ||
| 005 | 20210628202452.0 | ||
| 008 | 210122b xxu||||| |||| 00| 0 eng d | ||
| 020 | _a1-86058-434-9 | ||
| 040 | _c. | ||
| 082 | _a629.2507 BOS | ||
| 100 |
_aBosch, Robert _960034 |
||
| 245 | _aGasoline engine management | ||
| 250 | _a2ND | ||
| 260 |
_aNEW YORK _bBOSCH _c2004 |
||
| 300 | _a416 P | ||
| 650 |
_aGASOLINE ENGINE MANAGEMENT.AUTOMOBILE HISTORY.GASOLINE ENGINE BASICS.GASOLINE FUEL INJECTION.FUEL SUPPLY.MANIFOLD FUEL INJECTION.GASOLINE DIRECT INJECTION.IGNITION SYSTEMS.IGNITION COILS.SPARK PLUGS.MOTRONIC ENGINE MANAGEMENT.SENSORS.ECU.ELECTRONIC CONTROL UNIT.ELECTRONIC CONTROL SYSTEMS.ELECTRONIC DIAGNOSIS.EXHAUST EMISSION.REDUCING EMISSIONS.CATALYTIC EMISSION.ECU DEVELOPMENT. _960035 |
||
| 942 |
_cBK _2ddc |
||
| 999 |
_c569874 _d569874 |
||